00458nam a2200181Ia 4500008004000000041000800040082001100048100002300059245006300082260004800145300000800193650001100201650001500212650001100227650001300238650000800251650001700259210210b1954 xxu||||| |||| 00| 0 eng d aeng a531/40 aBROGLIE (Louis De) aRevolution in physics: a non mathematical survey of quanta aEnglandbRoutledge and Kegan Paul Ltdc1954 a310 asurvey aRevolution aquanta aphysics: anon amathematical